000 00346nam a2200133Ia 4500
008 240624s9999 xx 000 0 und d
041 _aeng
082 _a418 ALE
100 _aALEXANDER JONATHAN
245 _aROUTLEDGE HANDBOOK OF DIGITAL WRITING AN
260 _c2018
_aLondon
_bRoutledge
300 _axxii, 468 p.; 23 cm.
365 _cBPS
_b31
999 _c32067
_d32067